00409nam a22001577a 450000500170000000800410001702000150005808200200007310000260009324500310011926000520015030000090020265000120021165000150022365000130023820240213045314.0240213b |||||||| |||| 00| 0 eng d a8120605195 222a305.8bHEN. aSirr, Charles hendry. aCeylon and the cingalese , aNew Delhi:bAsian Educational Services /c1991. a2 v, aHistory aGovernment aReligion